[Event "9th Vellmar Chess Days"]
[Site "chess24.com"]
[Date "2017.07.16"]
[Round "7"]
[White "Schlachowitsch, Markus"]
[Black "Neukirchner, Pascal"]
[Result "1-0"]
[Board "11"]
[WhiteElo "1964"]
[WhiteCountry "GER"]
[WhiteFideId "4655583"]
[WhiteEloChange "15"]
[BlackElo "2150"]
[BlackCountry "GER"]
[BlackFideId "12997927"]
[BlackEloChange "-15"]

1. Nf3 {[%clk 1:30:55]} c5 {[%clk 1:30:44]} 2. e3 {[%clk 1:31:19]} g6 {[%clk
1:30:05]} 3. h4 {[%clk 1:31:24]} h6 {[%clk 1:26:10]} 4. d4 {[%clk 1:31:25]} Bg7
{[%clk 1:26:07]} 5. c3 {[%clk 1:31:36]} Nf6 {[%clk 1:20:56]} 6. dxc5 {[%clk
1:31:38]} Qc7 {[%clk 1:21:03]} 7. Nbd2 {[%clk 1:29:24]} O-O {[%clk 1:18:52]} 8.
Be2 {[%clk 1:29:18]} a5 {[%clk 1:16:12]} 9. a4 {[%clk 1:28:41]} Na6 {[%clk
1:14:13]} 10. Nd4 {[%clk 1:27:04]} Nxc5 {[%clk 1:11:12]} 11. Nb5 {[%clk 1:27:25]}
Qb8 {[%clk 1:10:51]} 12. b4 {[%clk 1:23:40]} axb4 {[%clk 1:05:06]} 13. cxb4
{[%clk 1:24:04]} Na6 {[%clk 1:05:14]} 14. Rb1 {[%clk 1:19:27]} d5 {[%clk
0:54:58]} 15. g4 {[%clk 1:17:34]} h5 {[%clk 0:49:20]} 16. gxh5 {[%clk 1:17:18]}
Bf5 {[%clk 0:49:48]} 17. Rb3 {[%clk 1:16:51]} e5 {[%clk 0:43:24]} 18. hxg6 {[%clk
1:17:09]} fxg6 {[%clk 0:43:40]} 19. h5 {[%clk 1:15:48]} Rc8 {[%clk 0:38:18]} 20.
e4 {[%clk 1:12:12]} Be6 {[%clk 0:35:56]} 21. h6 {[%clk 1:06:21]} Bh8 {[%clk
0:34:55]} 22. Rg3 {[%clk 1:05:36]} Kh7 {[%clk 0:33:07]} 23. Ba3 {[%clk 1:01:55]}
dxe4 {[%clk 0:31:28]} 24. Rhg1 {[%clk 0:59:43]} Rg8 {[%clk 0:31:08]} 25. Qc2
{[%clk 0:56:44]} Bf5 {[%clk 0:26:32]} 26. Qb3 {[%clk 0:57:05]} Rf8 {[%clk
0:21:17]} 27. Nc4 {[%clk 0:55:51]} Ne8 {[%clk 0:20:39]} 28. Nb6 {[%clk 0:55:46]}
Nac7 {[%clk 0:19:10]} 29. Nxa8 {[%clk 0:53:38]} Qxa8 {[%clk 0:18:31]} 30. Nxc7
{[%clk 0:53:40]} Nxc7 {[%clk 0:19:00]} 31. b5 {[%clk 0:53:53]} Rf6 {[%clk
0:18:05]} 32. Bc4 {[%clk 0:50:42]} Ne6 {[%clk 0:17:48]} 33. Bxe6 {[%clk 0:50:46]}
Bxe6 {[%clk 0:17:48]} 34. Qb4 {[%clk 0:50:46]} Qa7 {[%clk 0:13:24]} 35. b6 {[%clk
0:50:55]} Qa6 {[%clk 0:13:45]} 36. Qe7+ {[%clk 0:50:31]} Bf7 {[%clk 0:13:20]} 37.
Rxg6 {[%clk 0:50:27]} Qxb6 {[%clk 0:12:53]} 38. Qxf7+ {[%clk 0:48:09]} 1-0

[Event "9th Vellmar Chess Days"]
[Site "chess24.com"]
[Date "2017.07.16"]
[Round "7"]
[White "Koenig, Marco, Dr."]
[Black "Humburg, Philipp"]
[Result "0-1"]
[Board "12"]
[WhiteElo "2068"]
[WhiteCountry "GER"]
[WhiteFideId "24643076"]
[WhiteEloChange "-6"]
[BlackElo "2229"]
[BlackCountry "GER"]
[BlackFideId "24656151"]
[BlackEloChange "6"]

1. e4 {[%clk 1:30:56]} c5 {[%clk 1:30:54]} 2. Nc3 {[%clk 1:30:20]} e6 {[%clk
1:31:00]} 3. d3 {[%clk 1:29:35]} Nc6 {[%clk 1:31:01]} 4. f4 {[%clk 1:29:44]} d5
{[%clk 1:31:07]} 5. Nf3 {[%clk 1:29:51]} Nf6 {[%clk 1:31:00]} 6. Be2 {[%clk
1:25:14]} Be7 {[%clk 1:30:34]} 7. O-O {[%clk 1:25:26]} a6 {[%clk 1:30:39]} 8. a4
{[%clk 1:24:14]} b6 {[%clk 1:30:37]} 9. e5 {[%clk 1:20:20]} Ng8 {[%clk 1:30:41]}
10. Kh1 {[%clk 1:16:21]} Nh6 {[%clk 1:30:54]} 11. Nb1 {[%clk 1:15:13]} Bb7 {[%clk
1:31:06]} 12. c3 {[%clk 1:15:15]} d4 {[%clk 1:30:05]} 13. Nbd2 {[%clk 1:13:46]}
f5 {[%clk 1:22:24]} 14. Qb3 {[%clk 1:04:13]} Na5 {[%clk 1:22:31]} 15. Qd1 {[%clk
1:00:25]} O-O {[%clk 1:19:46]} 16. Nc4 {[%clk 0:52:15]} Nxc4 {[%clk 1:18:24]} 17.
dxc4 {[%clk 0:52:43]} dxc3 {[%clk 1:18:26]} 18. b3 {[%clk 0:43:25]} Be4 {[%clk
1:15:25]} 19. Qe1 {[%clk 0:39:26]} c2 {[%clk 1:13:56]} 20. Qc3 {[%clk 0:36:35]}
Ra7 {[%clk 1:01:08]} 21. h3 {[%clk 0:28:13]} Rd7 {[%clk 0:55:34]} 22. Ra2 {[%clk
0:23:19]} Qa8 {[%clk 0:52:26]} 23. Rg1 {[%clk 0:15:04]} Rfd8 {[%clk 0:52:14]} 24.
Kh2 {[%clk 0:14:17]} Rd1 {[%clk 0:50:03]} 25. Qe3 {[%clk 0:13:52]} Qc6 {[%clk
0:39:36]} 26. Ne1 {[%clk 0:12:51]} Nf7 {[%clk 0:34:59]} 27. Nxc2 {[%clk 0:11:50]}
Rxg1 {[%clk 0:32:51]} 28. Qxg1 {[%clk 0:11:53]} g5 {[%clk 0:31:53]} 29. Ne1
{[%clk 0:11:47]} gxf4 {[%clk 0:23:35]} 30. Bxf4 {[%clk 0:12:00]} Bg5 {[%clk
0:22:13]} 31. Qe3 {[%clk 0:09:26]} Bxf4+ {[%clk 0:22:02]} 32. Qxf4 {[%clk
0:09:54]} Qc7 {[%clk 0:22:21]} 33. Bf3 {[%clk 0:09:12]} Rd4 {[%clk 0:21:01]} 34.
Re2 {[%clk 0:06:29]} Qxe5 {[%clk 0:17:26]} 35. Qxe5 {[%clk 0:06:23]} Nxe5 {[%clk
0:17:55]} 36. Bxe4 {[%clk 0:06:20]} Rxe4 {[%clk 0:18:06]} 37. Rxe4 {[%clk
0:06:10]} fxe4 {[%clk 0:18:35]} 38. Kg1 {[%clk 0:03:57]} Nd3 {[%clk 0:18:40]} 39.
Nc2 {[%clk 0:04:25]} Nc1 {[%clk 0:18:25]} 40. b4 {[%clk 0:04:06]} cxb4 {[%clk
0:17:21]} 41. Nxb4 {[%clk 0:03:02]} a5 {[%clk 0:17:43]} 42. Nc2 {[%clk 0:01:39]}
Nd3 {[%clk 0:17:24]} 43. Na3 {[%clk 0:27:57]} Nc5 {[%clk 0:46:59]} 44. Kf2 {[%clk
0:28:03]} Nxa4 {[%clk 0:47:23]} 45. Ke3 {[%clk 0:28:23]} Nc5 {[%clk 0:47:47]} 46.
Kf4 {[%clk 0:28:29]} Kf7 {[%clk 0:48:06]} 47. g4 {[%clk 0:28:47]} a4 {[%clk
0:46:50]} 48. h4 {[%clk 0:28:59]} Kf6 {[%clk 0:43:47]} 49. Nb5 {[%clk 0:24:55]}
e5+ {[%clk 0:43:08]} 50. Ke3 {[%clk 0:25:20]} Kg6 {[%clk 0:43:27]} 51. Nc3 {[%clk
0:25:20]} 0-1

[Event "9th Vellmar Chess Days"]
[Site "chess24.com"]
[Date "2017.07.16"]
[Round "7"]
[White "Lopez-Rojas, Jeffrey"]
[Black "Siebarth, Marco"]
[Result "1-0"]
[Board "13"]
[WhiteElo "2173"]
[WhiteCountry "GER"]
[WhiteFideId "12997277"]
[WhiteEloChange "6"]
[BlackElo "2024"]
[BlackCountry "GER"]
[BlackFideId "24604330"]
[BlackEloChange "-6"]

1. d4 {[%clk 1:30:57]} d5 {[%clk 1:27:01]} 2. Nf3 {[%clk 1:31:22]} Nf6 {[%clk
1:27:27]} 3. c4 {[%clk 1:31:47]} e6 {[%clk 1:27:20]} 4. g3 {[%clk 1:32:10]} dxc4
{[%clk 1:25:44]} 5. Bg2 {[%clk 1:32:36]} c6 {[%clk 1:24:02]} 6. Ne5 {[%clk
1:28:50]} Be7 {[%clk 1:23:23]} 7. O-O {[%clk 1:28:58]} O-O {[%clk 1:23:51]} 8.
Na3 {[%clk 1:28:01]} Nbd7 {[%clk 1:18:32]} 9. Nexc4 {[%clk 1:24:55]} Nb6 {[%clk
1:18:53]} 10. b3 {[%clk 1:21:21]} Nxc4 {[%clk 1:18:51]} 11. Nxc4 {[%clk 1:18:30]}
Nd5 {[%clk 1:18:31]} 12. Bb2 {[%clk 1:18:10]} b5 {[%clk 1:18:08]} 13. Ne5 {[%clk
1:16:27]} Bb7 {[%clk 1:18:36]} 14. Nd3 {[%clk 1:14:43]} Nb4 {[%clk 1:15:03]} 15.
Nc5 {[%clk 1:09:40]} Bxc5 {[%clk 1:15:22]} 16. dxc5 {[%clk 1:10:03]} Qxd1 {[%clk
1:15:40]} 17. Rfxd1 {[%clk 1:10:15]} Rfd8 {[%clk 1:15:27]} 18. a3 {[%clk
1:07:37]} Nd5 {[%clk 1:15:08]} 19. e4 {[%clk 1:02:47]} Nf6 {[%clk 1:12:32]} 20.
f3 {[%clk 0:54:08]} Nd7 {[%clk 1:11:50]} 21. Rac1 {[%clk 0:52:01]} f6 {[%clk
1:11:32]} 22. f4 {[%clk 0:42:33]} Kf7 {[%clk 1:11:45]} 23. e5 {[%clk 0:39:34]} f5
{[%clk 1:10:16]} 24. Rd6 {[%clk 0:38:48]} Rac8 {[%clk 1:10:40]} 25. Rc2 {[%clk
0:34:37]} Ke7 {[%clk 1:10:17]} 26. Kf2 {[%clk 0:32:46]} Nb8 {[%clk 1:06:48]} 27.
Bc3 {[%clk 0:31:16]} Rxd6 {[%clk 1:04:42]} 28. exd6+ {[%clk 0:30:43]} Kf7 {[%clk
1:04:59]} 29. b4 {[%clk 0:26:55]} Nd7 {[%clk 1:04:58]} 30. Bf3 {[%clk 0:22:42]}
Rd8 {[%clk 1:02:28]} 31. Ra2 {[%clk 0:16:39]} a6 {[%clk 1:02:46]} 32. Ke3 {[%clk
0:15:31]} Nf6 {[%clk 1:03:02]} 33. Kd4 {[%clk 0:15:29]} g6 {[%clk 1:02:51]} 34.
Bd1 {[%clk 0:14:30]} h5 {[%clk 1:02:32]} 35. Bb3 {[%clk 0:13:54]} Nd5 {[%clk
1:02:58]} 36. Re2 {[%clk 0:13:26]} Rd7 {[%clk 1:01:29]} 37. Be1 {[%clk 0:13:15]}
Bc8 {[%clk 1:00:17]} 38. Ke5 {[%clk 0:11:11]} Bb7 {[%clk 0:59:14]} 39. h3 {[%clk
0:08:52]} Bc8 {[%clk 0:58:45]} 40. Rh2 {[%clk 0:08:41]} Kg7 {[%clk 0:57:20]} 41.
a4 {[%clk 0:06:21]} Ra7 {[%clk 0:51:13]} 42. Ra2 {[%clk 0:04:42]} bxa4 {[%clk
0:51:18]} 43. Bxa4 {[%clk 0:04:16]} Bd7 {[%clk 0:51:30]} 44. Bb3 {[%clk 0:03:53]}
Kf7 {[%clk 0:51:26]} 45. Bc4 {[%clk 0:03:41]} Ne3 {[%clk 0:48:31]} 46. Bd3 {[%clk
0:02:13]} Ra8 {[%clk 0:48:00]} 47. Rxa6 {[%clk 0:01:50]} Rxa6 {[%clk 0:48:29]}
48. Bxa6 {[%clk 0:02:11]} Nc2 {[%clk 0:48:42]} 49. Bd2 {[%clk 0:00:38]} Na3
{[%clk 0:49:03]} 50. Be2 {[%clk 0:30:37]} Kg7 {[%clk 1:19:21]} 51. Kd4 {[%clk
0:28:59]} Kf6 {[%clk 1:19:32]} 52. Bc1 {[%clk 0:28:16]} Nb5+ {[%clk 1:19:50]} 53.
Kc4 {[%clk 0:27:16]} Kf7 {[%clk 1:20:01]} 54. Bb2 {[%clk 0:27:31]} Ke8 {[%clk
1:17:04]} 55. Bf6 {[%clk 0:26:45]} Bc8 {[%clk 1:15:14]} 56. Kb3 {[%clk 0:24:21]}
Ba6 {[%clk 1:15:24]} 57. Bf3 {[%clk 0:24:33]} Kd7 {[%clk 1:14:06]} 58. Ka4 {[%clk
0:24:06]} Na7 {[%clk 1:14:35]} 59. Ka5 {[%clk 0:22:42]} Bf1 {[%clk 1:15:02]} 60.
Kb6 {[%clk 0:22:54]} Nc8+ {[%clk 1:15:31]} 61. Kb7 {[%clk 0:22:49]} Bb5 {[%clk
1:15:59]} 62. g4 {[%clk 0:19:54]} hxg4 {[%clk 1:16:28]} 63. hxg4 {[%clk 0:20:18]}
Ba4 {[%clk 1:15:36]} 64. g5 {[%clk 0:20:18]} Bb5 {[%clk 1:16:04]} 65. Be5 {[%clk
0:19:44]} Ba4 {[%clk 1:16:30]} 66. Be2 {[%clk 0:19:24]} 1-0

[Event "9th Vellmar Chess Days"]
[Site "chess24.com"]
[Date "2017.07.16"]
[Round "7"]
[White "Boehm, Thomas"]
[Black "Tremoehlen, Thomas"]
[Result "1-0"]
[Board "15"]
[WhiteElo "2154"]
[WhiteCountry "GER"]
[WhiteFideId "4682807"]
[WhiteEloChange "5"]
[BlackElo "1980"]
[BlackCountry "GER"]
[BlackFideId "12999555"]
[BlackEloChange "-5"]

1. d4 {[%clk 1:30:57]} Nf6 {[%clk 1:30:50]} 2. Nf3 {[%clk 1:31:04]} d5 {[%clk
1:30:12]} 3. e3 {[%clk 1:31:00]} e6 {[%clk 1:29:58]} 4. Bd3 {[%clk 1:31:13]} Bd6
{[%clk 1:30:25]} 5. b3 {[%clk 1:30:57]} O-O {[%clk 1:28:04]} 6. Bb2 {[%clk
1:31:18]} b6 {[%clk 1:28:27]} 7. O-O {[%clk 1:30:47]} Bb7 {[%clk 1:27:57]} 8.
Nbd2 {[%clk 1:30:51]} Ne4 {[%clk 1:24:47]} 9. c4 {[%clk 1:26:13]} Nd7 {[%clk
1:12:37]} 10. Qc2 {[%clk 1:22:16]} Ndf6 {[%clk 1:08:06]} 11. Ne5 {[%clk 1:21:24]}
Nxd2 {[%clk 1:04:25]} 12. Qxd2 {[%clk 1:21:45]} dxc4 {[%clk 1:02:34]} 13. bxc4
{[%clk 1:19:18]} Bxe5 {[%clk 0:42:38]} 14. dxe5 {[%clk 1:19:41]} Be4 {[%clk
0:32:10]} 15. exf6 {[%clk 1:17:35]} Qxd3 {[%clk 0:32:28]} 16. Qxd3 {[%clk
0:54:49]} Bxd3 {[%clk 0:32:57]} 17. fxg7 {[%clk 0:55:02]} Rfe8 {[%clk 0:31:34]}
18. Rfc1 {[%clk 0:51:37]} c5 {[%clk 0:31:49]} 19. f4 {[%clk 0:50:18]} h6 {[%clk
0:26:20]} 20. Bf6 {[%clk 0:45:44]} Kh7 {[%clk 0:25:03]} 21. g4 {[%clk 0:45:53]}
Kg6 {[%clk 0:23:06]} 22. g5 {[%clk 0:46:01]} hxg5 {[%clk 0:23:34]} 23. fxg5
{[%clk 0:46:21]} e5 {[%clk 0:23:46]} 24. a3 {[%clk 0:36:41]} Rab8 {[%clk
0:19:42]} 25. a4 {[%clk 0:34:18]} Re6 {[%clk 0:14:56]} 26. Rc3 {[%clk 0:32:16]}
e4 {[%clk 0:15:07]} 27. Kf2 {[%clk 0:27:55]} Ree8 {[%clk 0:14:46]} 28. Rg1 {[%clk
0:27:45]} a6 {[%clk 0:08:05]} 29. Rg3 {[%clk 0:27:52]} b5 {[%clk 0:05:31]} 30.
cxb5 {[%clk 0:27:25]} c4 {[%clk 0:06:00]} 31. Rh3 {[%clk 0:25:51]} axb5 {[%clk
0:06:25]} 32. axb5 {[%clk 0:26:12]} Rxb5 {[%clk 0:05:47]} 33. Rh8 {[%clk
0:26:20]} Rbb8 {[%clk 0:06:15]} 34. Kg3 {[%clk 0:25:51]} Kf5 {[%clk 0:05:10]} 35.
h4 {[%clk 0:25:29]} 1-0

[Event "9th Vellmar Chess Days"]
[Site "chess24.com"]
[Date "2017.07.16"]
[Round "7"]
[White "Heinelt, Manfred"]
[Black "Ernst, Rolf"]
[Result "1/2-1/2"]
[Board "16"]
[WhiteElo "2153"]
[WhiteCountry "GER"]
[WhiteFideId "4656695"]
[WhiteEloChange "-5"]
[BlackElo "1974"]
[BlackTitle "FM"]
[BlackCountry "GER"]
[BlackFideId "4611101"]
[BlackEloChange "5"]

1. d4 {[%clk 1:30:55]} Nf6 {[%clk 1:30:47]} 2. c4 {[%clk 1:31:18]} g6 {[%clk
1:31:01]} 3. Nc3 {[%clk 1:31:29]} d5 {[%clk 1:31:19]} 4. cxd5 {[%clk 1:31:49]}
Nxd5 {[%clk 1:31:36]} 5. g3 {[%clk 1:32:04]} Bg7 {[%clk 1:26:10]} 6. Bg2 {[%clk
1:31:55]} Nxc3 {[%clk 1:26:26]} 7. bxc3 {[%clk 1:32:17]} c5 {[%clk 1:26:50]} 8.
e3 {[%clk 1:32:36]} O-O {[%clk 1:25:28]} 9. Ne2 {[%clk 1:32:39]} Qc7 {[%clk
1:20:42]} 10. O-O {[%clk 1:32:19]} Nd7 {[%clk 1:15:05]} 11. a4 {[%clk 1:30:54]}
Rb8 {[%clk 1:15:07]} 12. Ba3 {[%clk 1:30:22]} b6 {[%clk 1:15:28]} 13. Rc1 {[%clk
1:27:08]} Bb7 {[%clk 1:14:38]} 14. Nf4 {[%clk 1:21:34]} Bxg2 {[%clk 1:14:47]} 15.
Kxg2 {[%clk 1:21:56]} e6 {[%clk 1:14:50]} 16. Qf3 {[%clk 1:17:17]} Qb7 {[%clk
1:13:26]} 17. Rfd1 {[%clk 1:10:49]} Rfe8 {[%clk 1:08:03]} 18. Qxb7 {[%clk
1:03:54]} Rxb7 {[%clk 1:08:22]} 19. c4 {[%clk 0:54:41]} e5 {[%clk 1:01:42]} 20.
dxe5 {[%clk 0:53:38]} Bxe5 {[%clk 1:01:40]} 21. Nd3 {[%clk 0:51:55]} Bf6 {[%clk
1:01:40]} 1/2-1/2

[Event "9th Vellmar Chess Days"]
[Site "chess24.com"]
[Date "2017.07.16"]
[Round "7"]
[White "Eggenstein, Frank"]
[Black "Verhoef, Pieter"]
[Result "1/2-1/2"]
[Board "17"]
[WhiteElo "2047"]
[WhiteCountry "GER"]
[WhiteFideId "4651278"]
[WhiteEloChange "2"]
[BlackElo "2122"]
[BlackCountry "NED"]
[BlackFideId "1047264"]
[BlackEloChange "-2"]

1. e4 {[%clk 1:30:58]} e5 {[%clk 1:30:12]} 2. Nf3 {[%clk 1:31:21]} Nf6 {[%clk
1:30:35]} 3. Nxe5 {[%clk 1:31:44]} d6 {[%clk 1:30:59]} 4. Nf3 {[%clk 1:32:07]}
Nxe4 {[%clk 1:31:12]} 5. Nc3 {[%clk 1:32:28]} Nxc3 {[%clk 1:31:35]} 6. dxc3
{[%clk 1:32:52]} Be7 {[%clk 1:30:55]} 7. Be3 {[%clk 1:33:09]} O-O {[%clk
1:30:44]} 8. Qd2 {[%clk 1:33:34]} Nd7 {[%clk 1:31:06]} 9. O-O-O {[%clk 1:33:38]}
Ne5 {[%clk 1:31:27]} 10. Kb1 {[%clk 1:33:34]} c6 {[%clk 1:30:56]} 11. h4 {[%clk
1:22:36]} Qa5 {[%clk 1:30:46]} 12. Ng5 {[%clk 0:58:54]} h6 {[%clk 1:24:05]} 13.
Nf3 {[%clk 0:53:54]} Be6 {[%clk 1:23:58]} 14. b3 {[%clk 0:51:46]} Nxf3 {[%clk
1:22:28]} 15. gxf3 {[%clk 0:52:15]} Bf6 {[%clk 1:22:41]} 16. Bd4 {[%clk 0:49:51]}
Bxd4 {[%clk 1:22:55]} 17. Qxd4 {[%clk 0:50:08]} Qd5 {[%clk 1:23:00]} 18. Bd3
{[%clk 0:42:35]} Qxd4 {[%clk 1:18:01]} 19. cxd4 {[%clk 0:42:55]} Rfe8 {[%clk
1:16:16]} 20. Rhg1 {[%clk 0:41:24]} Re7 {[%clk 1:16:16]} 21. Kc1 {[%clk 0:40:04]}
Rae8 {[%clk 1:11:25]} 22. Rg3 {[%clk 0:36:56]} f6 {[%clk 1:10:56]} 23. Rdg1
{[%clk 0:36:40]} Kh8 {[%clk 1:10:45]} 24. Kd2 {[%clk 0:35:51]} Bg8 {[%clk
1:10:10]} 25. f4 {[%clk 0:35:18]} Bh7 {[%clk 1:04:16]} 26. Re3 {[%clk 0:32:38]}
Bxd3 {[%clk 1:04:16]} 27. Kxd3 {[%clk 0:32:33]} Kg8 {[%clk 1:03:29]} 28. Rge1
{[%clk 0:29:08]} Kf7 {[%clk 0:52:27]} 29. f5 {[%clk 0:03:59]} Rxe3+ {[%clk
0:39:10]} 30. Rxe3 {[%clk 0:02:57]} Rd8 {[%clk 0:36:34]} 31. h5 {[%clk 0:03:16]}
d5 {[%clk 0:36:13]} 32. Kd2 {[%clk 0:03:20]} a5 {[%clk 0:35:59]} 33. a3 {[%clk
0:03:33]} Rc8 {[%clk 0:34:04]} 34. Kd3 {[%clk 0:02:45]} c5 {[%clk 0:32:49]} 35.
c4 {[%clk 0:01:36]} a4 {[%clk 0:31:12]} 36. dxc5 {[%clk 0:01:07]} axb3 {[%clk
0:30:54]} 37. Kd4 {[%clk 0:01:29]} dxc4 {[%clk 0:30:27]} 38. Kxc4 {[%clk
0:01:55]} b6 {[%clk 0:30:08]} 39. Kxb3 {[%clk 0:01:25]} Rxc5 {[%clk 0:30:15]} 40.
Rf3 {[%clk 0:00:35]} Ke7 {[%clk 0:27:40]} 41. Kb4 {[%clk 0:30:59]} Kd6 {[%clk
0:58:10]} 42. Rd3+ {[%clk 0:26:41]} Kc6 {[%clk 0:53:35]} 43. Rf3 {[%clk 0:26:24]}
Re5 {[%clk 0:52:37]} 44. Kc4 {[%clk 0:22:01]} Re4+ {[%clk 0:52:33]} 45. Kd3
{[%clk 0:20:28]} Rh4 {[%clk 0:51:59]} 46. Rg3 {[%clk 0:20:40]} Rxh5 {[%clk
0:51:55]} 47. f4 {[%clk 0:19:44]} Kd5 {[%clk 0:48:16]} 48. Rxg7 {[%clk 0:18:51]}
Rh3+ {[%clk 0:48:29]} 49. Kc2 {[%clk 0:17:25]} Ke4 {[%clk 0:48:25]} 50. Kb2
{[%clk 0:16:30]} Rd3 {[%clk 0:47:57]} 51. Rg6 {[%clk 0:15:53]} Rd6 {[%clk
0:48:16]} 52. Rxh6 {[%clk 0:16:13]} Kxf4 {[%clk 0:48:37]} 53. Kb3 {[%clk
0:15:55]} Kxf5 {[%clk 0:48:50]} 54. Rh1 {[%clk 0:15:08]} Ke6 {[%clk 0:35:23]} 55.
Re1+ {[%clk 0:14:13]} Kf7 {[%clk 0:35:14]} 56. Rf1 {[%clk 0:14:01]} Rd5 {[%clk
0:35:21]} 57. Kc4 {[%clk 0:13:54]} Ra5 {[%clk 0:34:16]} 58. Kb4 {[%clk 0:14:20]}
Rc5 {[%clk 0:34:23]} 59. a4 {[%clk 0:13:35]} f5 {[%clk 0:34:32]} 60. Rf2 {[%clk
0:13:46]} Kf6 {[%clk 0:32:42]} 61. Rf1 {[%clk 0:13:43]} Ke5 {[%clk 0:31:06]} 62.
Re1+ {[%clk 0:14:03]} Kd6 {[%clk 0:31:26]} 63. Rd1+ {[%clk 0:13:20]} Kc6 {[%clk
0:31:46]} 64. Rh1 {[%clk 0:13:05]} f4 {[%clk 0:31:39]} 65. Rh6+ {[%clk 0:12:12]}
Kd5 {[%clk 0:29:53]} 66. Rxb6 {[%clk 0:11:06]} Rc1 {[%clk 0:29:53]} 67. Rf6
{[%clk 0:10:30]} Rb1+ {[%clk 0:30:16]} 68. Kc3 {[%clk 0:09:02]} Ke4 {[%clk
0:30:32]} 69. a5 {[%clk 0:04:37]} f3 {[%clk 0:29:46]} 70. Kd2 {[%clk 0:04:45]}
Ra1 {[%clk 0:28:43]} 71. a6 {[%clk 0:05:05]} f2 {[%clk 0:28:37]} 72. Rxf2 {[%clk
0:04:06]} Ra2+ {[%clk 0:29:32]} 73. Ke1 {[%clk 0:04:27]} Ra1+ {[%clk 0:29:57]}
74. Ke2 {[%clk 0:03:57]} Ke5 {[%clk 0:29:34]} 1/2-1/2

[Event "9th Vellmar Chess Days"]
[Site "chess24.com"]
[Date "2017.07.16"]
[Round "7"]
[White "Rueberg, Jobst"]
[Black "Lutz, Ruben"]
[Result "1/2-1/2"]
[Board "18"]
[WhiteElo "2107"]
[WhiteTitle "FM"]
[WhiteCountry "GER"]
[WhiteFideId "4677501"]
[WhiteEloChange "-4"]
[BlackElo "1959"]
[BlackCountry "GER"]
[BlackFideId "12975974"]
[BlackEloChange "4"]

1. e4 {[%clk 1:30:57]} e6 {[%clk 1:30:56]} 2. d4 {[%clk 1:31:21]} d5 {[%clk
1:31:22]} 3. e5 {[%clk 1:31:41]} c5 {[%clk 1:31:48]} 4. c3 {[%clk 1:32:06]} Nc6
{[%clk 1:32:15]} 5. Nf3 {[%clk 1:32:09]} Qb6 {[%clk 1:32:39]} 6. Be2 {[%clk
1:31:44]} cxd4 {[%clk 1:33:03]} 7. cxd4 {[%clk 1:32:09]} Nh6 {[%clk 1:33:28]} 8.
Bd3 {[%clk 1:31:51]} Bd7 {[%clk 1:32:26]} 9. Bc2 {[%clk 1:31:57]} Rc8 {[%clk
1:30:01]} 10. Nc3 {[%clk 1:31:10]} Be7 {[%clk 1:23:50]} 11. O-O {[%clk 1:30:13]}
a6 {[%clk 1:17:06]} 12. a3 {[%clk 1:22:57]} Na5 {[%clk 1:03:38]} 13. Re1 {[%clk
1:03:55]} Nc4 {[%clk 1:01:25]} 14. Rb1 {[%clk 0:59:45]} Qc7 {[%clk 1:00:13]} 15.
Bxh6 {[%clk 0:48:18]} gxh6 {[%clk 1:00:39]} 16. Bd3 {[%clk 0:47:11]} Nxb2 {[%clk
0:49:22]} 17. Rxb2 {[%clk 0:45:28]} Qxc3 {[%clk 0:49:48]} 18. Rxb7 {[%clk
0:44:11]} Qxa3 {[%clk 0:49:21]} 19. Qb1 {[%clk 0:43:42]} Bc6 {[%clk 0:28:24]} 20.
Rb6 {[%clk 0:42:45]} O-O {[%clk 0:23:02]} 21. Rxa6 {[%clk 0:34:38]} Qb4 {[%clk
0:23:19]} 22. Bxh7+ {[%clk 0:33:41]} Kg7 {[%clk 0:23:45]} 23. Bd3 {[%clk
0:33:42]} Qxb1 {[%clk 0:17:26]} 24. Rxb1 {[%clk 0:34:02]} Rc7 {[%clk 0:16:56]}
25. h3 {[%clk 0:30:54]} Rfc8 {[%clk 0:16:48]} 26. Kh2 {[%clk 0:25:28]} Be8 {[%clk
0:16:24]} 27. Rab6 {[%clk 0:15:37]} Rc3 {[%clk 0:16:24]} 1/2-1/2

[Event "9th Vellmar Chess Days"]
[Site "chess24.com"]
[Date "2017.07.16"]
[Round "7"]
[White "von Zimmermann, Georg"]
[Black "Ziegenfuss, Antonia"]
[Result "1-0"]
[Board "20"]
[WhiteElo "2072"]
[WhiteCountry "GER"]
[WhiteFideId "4663284"]
[WhiteEloChange "5"]
[BlackElo "1879"]
[BlackCountry "GER"]
[BlackFideId "12962554"]
[BlackEloChange "-5"]

1. e4 {[%clk 1:30:56]} c5 {[%clk 1:30:56]} 2. f4 {[%clk 1:31:21]} e6 {[%clk
1:30:41]} 3. d3 {[%clk 1:31:42]} d5 {[%clk 1:30:31]} 4. Qe2 {[%clk 1:32:05]} Ne7
{[%clk 1:28:54]} 5. Nf3 {[%clk 1:31:28]} Nbc6 {[%clk 1:28:47]} 6. g3 {[%clk
1:30:13]} g6 {[%clk 1:28:50]} 7. Bg2 {[%clk 1:29:02]} Bg7 {[%clk 1:28:57]} 8. c3
{[%clk 1:23:57]} b5 {[%clk 1:24:30]} 9. e5 {[%clk 1:20:29]} Rb8 {[%clk 1:16:11]}
10. Nbd2 {[%clk 1:18:38]} Qc7 {[%clk 1:09:13]} 11. a3 {[%clk 1:13:59]} a5 {[%clk
1:06:31]} 12. g4 {[%clk 1:10:33]} Bd7 {[%clk 1:00:06]} 13. h4 {[%clk 1:08:36]} c4
{[%clk 0:38:55]} 14. d4 {[%clk 1:02:29]} Nc8 {[%clk 0:35:50]} 15. h5 {[%clk
0:46:44]} b4 {[%clk 0:32:37]} 16. axb4 {[%clk 0:47:09]} axb4 {[%clk 0:33:04]} 17.
hxg6 {[%clk 0:42:10]} hxg6 {[%clk 0:33:17]} 18. Rxh8+ {[%clk 0:42:25]} Bxh8
{[%clk 0:33:42]} 19. Ng5 {[%clk 0:42:17]} N8e7 {[%clk 0:26:34]} 20. Ndf3 {[%clk
0:37:40]} Na5 {[%clk 0:23:26]} 21. Bd2 {[%clk 0:24:43]} Nb3 {[%clk 0:20:42]} 22.
Ra6 {[%clk 0:24:39]} Qb7 {[%clk 0:19:55]} 23. Rd6 {[%clk 0:24:56]} Nc8 {[%clk
0:17:55]} 24. f5 {[%clk 0:24:14]} Nxd6 {[%clk 0:13:07]} 25. exd6 {[%clk 0:24:41]}
Kf8 {[%clk 0:09:57]} 26. fxg6 {[%clk 0:17:09]} e5 {[%clk 0:07:01]} 27. Nxe5
{[%clk 0:14:08]} Nxd2 {[%clk 0:04:01]} 28. Qxd2 {[%clk 0:08:45]} bxc3 {[%clk
0:03:44]} 29. Nh7+ {[%clk 0:07:00]} Kg7 {[%clk 0:03:19]} 30. Qg5 {[%clk 0:06:14]}
1-0